<?xml version="1.0" encoding="UTF-8"?>
<record
    xmlns:xsi="http://www.w3.org/2001/XMLSchema-instance"
    xsi:schemaLocation="http://www.loc.gov/MARC21/slim http://www.loc.gov/standards/marcxml/schema/MARC21slim.xsd"
    xmlns="http://www.loc.gov/MARC21/slim">

  <leader>01293nam a22001697a 4500</leader>
  <controlfield tag="003">IT-RoPau</controlfield>
  <controlfield tag="005">20220918181221.0</controlfield>
  <controlfield tag="008">140719b        xxu||||| |||| 00| 0 eng d</controlfield>
  <datafield tag="040" ind1=" " ind2=" ">
    <subfield code="c">IT-RoPau</subfield>
  </datafield>
  <datafield tag="100" ind1=" " ind2=" ">
    <subfield code="a">Pie Discepole del Divin Maestro</subfield>
    <subfield code="9">33888</subfield>
  </datafield>
  <datafield tag="245" ind1=" " ind2=" ">
    <subfield code="a">La vita in Cristo e nella Chiesa 2013</subfield>
    <subfield code="b">Anno 62 - 2013</subfield>
  </datafield>
  <datafield tag="260" ind1=" " ind2=" ">
    <subfield code="a">Roma</subfield>
    <subfield code="b">PDDM</subfield>
    <subfield code="c">2013</subfield>
  </datafield>
  <datafield tag="300" ind1=" " ind2=" ">
    <subfield code="a">S.n.p.</subfield>
    <subfield code="c">26 cm</subfield>
  </datafield>
  <datafield tag="490" ind1=" " ind2=" ">
    <subfield code="a">La vita in Cristo e nella Chiesa</subfield>
    <subfield code="v">2013</subfield>
  </datafield>
  <datafield tag="520" ind1=" " ind2=" ">
    <subfield code="a">Elenco autori

Gennaio 2013
Cruciani - Sirboni - Gironi - Carotta/Trudu - Trudu - Valli - Linder - Passiatore - Parenti - Redazione - Cravero - Soranzo - Ruspi - Redazione

Febbraio 2013
Cruciani - Sirboni - Gironi - Carotta/Trudu - Redazione - Vona - Valli - Marceddu - Viviano - Cravero - Gazzotti - Ruspi - Soranzo - Redazione

Marzo 2013
Cruciani - Sirboni - Gironi - Cravero - Viviano - Ruspi - Gazzotti - Linder - Carotta/Trudu - Valli - Marceddu - Soranzo - Ortese/Redazione

Novembre 2013
Cruciani - Sirboni - Gironi - Carotta/Cruciani - Sorci - Valli - Costanzi - Barba - Piqu&#xE9; i collado - Viviano - Cravero - Gazzotti - Ruspi - Soranzo - Costa

Dicembre 2013
Cruciani - Sirboni - Gironi - Cruciani - Carotta - Valli - Piqu&#xE9; i collado - Cigala - Cravero - Gazzotti - Ruspi - Soranzo - Viviano - Linder - Redazione</subfield>
  </datafield>
  <datafield tag="942" ind1=" " ind2=" ">
    <subfield code="2">ddc</subfield>
    <subfield code="c">CR</subfield>
  </datafield>
  <datafield tag="999" ind1=" " ind2=" ">
    <subfield code="c">104464</subfield>
    <subfield code="d">104464</subfield>
  </datafield>
  <datafield tag="952" ind1=" " ind2=" ">
    <subfield code="0">0</subfield>
    <subfield code="1">0</subfield>
    <subfield code="2">ddc</subfield>
    <subfield code="4">0</subfield>
    <subfield code="6">P_D8</subfield>
    <subfield code="7">1</subfield>
    <subfield code="a">PAULUS</subfield>
    <subfield code="b">PAULUS</subfield>
    <subfield code="d">2014-07-19</subfield>
    <subfield code="l">0</subfield>
    <subfield code="o">P D8</subfield>
    <subfield code="r">2014-07-19 00:00:00</subfield>
    <subfield code="w">2014-07-19</subfield>
    <subfield code="y">CR</subfield>
  </datafield>
</record>
